Discurso pronunciado el 3 de abril 1882 al pie de la estatua eregida [sic] en Madrid a Bartolomé Esteban Murillo / (Record no. 22147)

MARC details
000 -LEADER
campo de control de longitud fija 00770nam a2200205 i 4500
001 - NÚMERO DE CONTROL
campo de control 22147
003 - IDENTIFICADOR DE NÚMERO DE CONTROL
campo de control ES-MaACL
005 - FECHA Y HORA DE LA ÚLTIMA TRANSACCIÓN
campo de control 20250817065058.0
007 - CAMPO FIJO DE DESCRIPCIÓN FÍSICA--INFORMACIÓN GENERAL
campo de control de longitud fija t|
008 - DATOS DE LONGITUD FIJA--INFORMACIÓN GENERAL
campo de control de longitud fija 021219s1882 sp ||||1| spa |
100 1# - ENTRADA PRINCIPAL--NOMBRE DE PERSONA
Nombre de persona Madrazo y Kuntz, Federico de,
Fechas asociadas al nombre 1815-1894
9 (RLIN) 75343
245 10 - MENCIÓN DEL TÍTULO
Título Discurso pronunciado el 3 de abril 1882 al pie de la estatua eregida [sic] en Madrid a Bartolomé Esteban Murillo /
Mención de responsabilidad, etc. por Federico Madrazo.
260 ## - PUBLICACIÓN, DISTRIBUCIÓN, ETC.
Lugar de publicación, distribución, etc. Madrid :
Nombre del editor, distribuidor, etc. [s.n.],
Fecha de publicación, distribución, etc. 1882 (
Fabricante Imp. de Fortanet)
300 ## - DESCRIPCIÓN FÍSICA
Extensión 6 p. ;
Dimensiones 22 cm.
594 ## - Nota al título y mención de responsabilidad
Nota al título y mención de responsabilidad Título y autor tomado de portada manuscrita.
597 ## - NOTA DE DESCRIPCIÓN FÍSICA
NOTA DE DESCRIPCIÓN FÍSICA Texto recortado, pegado y compuesto en hojas.
600 14 - PUNTO DE ACCESO ADICIONAL DE MATERIA--NOMBRE DE PERSONA
Nombre de persona Murillo, Bartolomé Esteban,
Fechas asociadas al nombre 1617-1682
9 (RLIN) 84581
852 4# - LOCALIZACIÓN
Ubicación ES-MaACL
Número de control de estantería T-893-F-3
Holdings
Estatus retirado Estado de pérdida Estado de daño No para préstamo Colección Biblioteca de origen Biblioteca actual Ubicación en estantería Fecha de adquisición Fuente de adquisición Total de préstamos Signatura topográfica completa Código de barras Visto por última vez Precio de reemplazo Tipo de ítem Koha
        Colección de folletos Biblioteca del Ateneo de Madrid Biblioteca del Ateneo de Madrid Depósito folletos 17/01/2008     T-893-F-3 1022781 23/02/2023 23/02/2023 Folleto